<?xml version="1.0" encoding="UTF-8"?>
<record
    xmlns:xsi="http://www.w3.org/2001/XMLSchema-instance"
    xsi:schemaLocation="http://www.loc.gov/MARC21/slim http://www.loc.gov/standards/marcxml/schema/MARC21slim.xsd"
    xmlns="http://www.loc.gov/MARC21/slim">

  <leader>01234nam a2200349 i 4500</leader>
  <controlfield tag="001">196246</controlfield>
  <controlfield tag="003">ES-MaACL</controlfield>
  <controlfield tag="005">20250804062711.0</controlfield>
  <controlfield tag="008">240823s2002    sp |          ||| ||spa  </controlfield>
  <datafield tag="016" ind1="7" ind2=" ">
    <subfield code="a">bimoBNE20020765536</subfield>
    <subfield code="2">SpMaBN</subfield>
  </datafield>
  <datafield tag="017" ind1=" " ind2=" ">
    <subfield code="a">M 35502-2002</subfield>
    <subfield code="b">Oficina Dep&#xF3;sito Legal Madrid</subfield>
  </datafield>
  <datafield tag="020" ind1=" " ind2=" ">
    <subfield code="a">8496030008</subfield>
  </datafield>
  <datafield tag="035" ind1=" " ind2=" ">
    <subfield code="a">(OCoLC)433375975</subfield>
  </datafield>
  <datafield tag="035" ind1=" " ind2=" ">
    <subfield code="a">(SpMaBN)bimo0001818286</subfield>
  </datafield>
  <datafield tag="035" ind1=" " ind2=" ">
    <subfield code="a">991011309079708606</subfield>
  </datafield>
  <datafield tag="040" ind1=" " ind2=" ">
    <subfield code="a">SpMaBN</subfield>
    <subfield code="b">spa</subfield>
    <subfield code="c">SpMaBN</subfield>
    <subfield code="e">rdc</subfield>
    <subfield code="d">ES-MaACL</subfield>
  </datafield>
  <datafield tag="080" ind1=" " ind2=" ">
    <subfield code="a">821.134.2-31"19"</subfield>
  </datafield>
  <datafield tag="100" ind1=" " ind2=" ">
    <subfield code="a">G&#xF3;mez, Pedro J.,</subfield>
    <subfield code="d">1966-</subfield>
    <subfield code="9">238570</subfield>
    <subfield code="e">aut</subfield>
  </datafield>
  <datafield tag="245" ind1="1" ind2="4">
    <subfield code="a">Los arcanos del mal /</subfield>
    <subfield code="c">Pedro J. G&#xF3;mez.</subfield>
  </datafield>
  <datafield tag="260" ind1=" " ind2=" ">
    <subfield code="a">Majadahonda (Madrid) :</subfield>
    <subfield code="b">Doveliar,</subfield>
    <subfield code="c">[2002].</subfield>
  </datafield>
  <datafield tag="300" ind1=" " ind2=" ">
    <subfield code="a">161 p. ;</subfield>
    <subfield code="c">21 cm</subfield>
  </datafield>
  <datafield tag="336" ind1=" " ind2=" ">
    <subfield code="2">rdacontent</subfield>
    <subfield code="a">texto</subfield>
  </datafield>
  <datafield tag="337" ind1=" " ind2=" ">
    <subfield code="2">rdamedia</subfield>
    <subfield code="a">sin mediaci&#xF3;n</subfield>
  </datafield>
  <datafield tag="338" ind1=" " ind2=" ">
    <subfield code="2">rdacarrier</subfield>
    <subfield code="a">volumen</subfield>
  </datafield>
  <datafield tag="655" ind1=" " ind2="0">
    <subfield code="a">Novelas</subfield>
    <subfield code="9">234319</subfield>
  </datafield>
  <datafield tag="852" ind1=" " ind2=" ">
    <subfield code="a">ES-MaACL</subfield>
    <subfield code="c">DEPOJ</subfield>
    <subfield code="j">N-9301</subfield>
    <subfield code="h">Donaci&#xF3;n: Pedro J. G&#xF3;mez</subfield>
    <subfield code="x">Encuadernaci&#xF3;n carton&#xE9;</subfield>
    <subfield code="g">Dedicatoria aut&#xF3;grafa del autor</subfield>
    <subfield code="9">205367</subfield>
  </datafield>
  <datafield tag="903" ind1=" " ind2=" ">
    <subfield code="9">238570</subfield>
    <subfield code="a">G&#xF3;mez, Pedro J.,</subfield>
    <subfield code="d">1966-</subfield>
    <subfield code="e">dnr</subfield>
  </datafield>
  <datafield tag="942" ind1=" " ind2=" ">
    <subfield code="c">MONOGRAFIA</subfield>
    <subfield code="n">0</subfield>
  </datafield>
  <datafield tag="999" ind1=" " ind2=" ">
    <subfield code="c">196246</subfield>
    <subfield code="d">196246</subfield>
  </datafield>
  <datafield tag="952" ind1=" " ind2=" ">
    <subfield code="0">0</subfield>
    <subfield code="1">0</subfield>
    <subfield code="2">udc</subfield>
    <subfield code="4">0</subfield>
    <subfield code="7">0</subfield>
    <subfield code="8">Librosdedicados</subfield>
    <subfield code="a">ATENEOM</subfield>
    <subfield code="b">ATENEOM</subfield>
    <subfield code="c">DEPOJ</subfield>
    <subfield code="d">2025-05-09</subfield>
    <subfield code="e">DONACION</subfield>
    <subfield code="l">0</subfield>
    <subfield code="o">N-9301</subfield>
    <subfield code="p">101230025</subfield>
    <subfield code="r">2025-05-09 00:00:00</subfield>
    <subfield code="w">2025-05-09</subfield>
    <subfield code="y">MONOGRAFIA</subfield>
  </datafield>
</record>
